Clash Royale Arenas - Sudden death - Statistics

General Stats
  • This quiz has been taken 561 times
  • The average score is 9 of 17
Answers on the Grid
Answers color-coded by a green-red scale on the quiz's grid according to % correct below.
Training Camp
Frozen valley
Goblin Stadium
Bone Pit
Royal Rumble
Barbarian Bowl
Fireball flight
Spell valley
Builders Workshop
Champion arena
Hog Hills
Hog mountain
P.E.K.K.A’s playhouse
Princess Arena
Royal arena
Frozen peak
Clash Royale tutorial
Jungle arena
Underwater dunes
Ghost town
Bowsers castle
Electro valley
Miners mine
Grassy grasslands
Executioners Kitchen
Sunny arena
Dragons roost
Royal crypt
Silent sanctuary
PANCAKES!
 
Answer Stats
Answer % Correct
Training Camp
88%
Bone Pit
66%
Barbarian Bowl
62%
P.E.K.K.A’s playhouse
61%
Spell valley
57%
Hog mountain
55%
Builders Workshop
53%
Goblin Stadium
53%
Frozen peak
45%
Jungle arena
45%
Electro valley
43%
Royal arena
43%
PANCAKES!
39%
Executioners Kitchen
38%
Miners mine
35%
Silent sanctuary
35%
Royal crypt
32%
No matching quizzes found
Score Distribution
Percent of People with Each Score
Percentile by Number Answered
Your Score History
You have not taken this quiz